[Event "IND-chT 44th"]
[Site "Ahmedabad"]
[Date "2025.03.05"]
[Round "1.2"]
[White "Sahoo, Utkal Ranjan"]
[Black "Samarth, Jain"]
[Result "1-0"]
[WhiteElo "2268"]
[BlackElo "1800"]
[PlyCount "59"]
[EventDate "2025.03.05"]
[EventType "team-swiss"]
[EventRounds "9"]
[EventCountry "IND"]
[SourceTitle "CB12_2025"]
[SourceDate "2025.03.19"]
[SourceVersion "1"]
[SourceVersionDate "2025.03.19"]
[SourceQuality "1"]
[WhiteTeam "Odisha"]
[BlackTeam "Haryana"]
[WhiteTeamCountry "IND"]
[BlackTeamCountry "IND"]

1. d4 Nf6 2. c4 g6 3. Nc3 Bg7 4. e4 d6 5. Nf3 0-0 6. Be2 Nc6 7. Be3 e5 8. d5 Ne7 9. Nd2 Ne8 10. b4 f5 11. f3 Rf7 12. c5 Bf8 13. Nc4 f4 14. Bf2 g5 15. cxd6 cxd6 16. Nb5 b6 17. a4 Ba6 18. Qb3 Bxb5 19. axb5 Nc8 20. h4 h6 21. hxg5 hxg5 22. Kd2 Rb8 23. g3 Rbb7 24. gxf4 gxf4 25. Rag1+ Rg7 26. Nxe5 dxe5 27. d6+ Rbf7 28. Qxf7+ Kxf7 29. Bc4+ Kf6 30. Bh4+ 1-0

[Event "IND-ch U11 37th"]
[Site "Hyderabad"]
[Date "2024.10.07"]
[Round "7"]
[White "Samarth, Jain"]
[Black "Mishra, Manish"]
[Result "1-0"]
[WhiteElo "1827"]
[BlackElo "1672"]
[PlyCount "125"]
[EventDate "2024.10.04"]
[EventType "swiss"]
[EventRounds "11"]
[EventCountry "IND"]
[SourceTitle "CB47_2024"]
[SourceDate "2024.11.20"]
[SourceVersion "1"]
[SourceVersionDate "2024.11.20"]
[SourceQuality "1"]

1. d4 Nf6 2. c4 e6 3. a3 d5 4. Nc3 Be7 5. cxd5 exd5 6. Bg5 h6 7. Bh4 c5 8. Nf3 Nc6 9. dxc5 g5 10. Bg3 Bxc5 11. e3 Be6 12. Rc1 Bd6 13. Nd4 a6 14. Qa4 Bxg3 15. hxg3 Bd7 16. Nxc6 bxc6 17. Qd4 Qe7 18. Na4 a5 19. Nb6 Rd8 20. Nxd7 Kxd7 21. Qa7+ Ke8 22. Qxe7+ Kxe7 23. Rxc6 Rb8 24. Rc2 Rb3 25. a4 Ne4 26. Bb5 Nd6 27. Bc6 Rc8 28. Kd1 Nc4 29. Bxd5 Rxb2 30. Bxc4 Rxc2 31. Kxc2 Rxc4+ 32. Kb3 Rb4+ 33. Ka3 Rb6 34. Rd1 Ke6 35. e4 Rc6 36. Kb3 Rb6+ 37. Ka3 Rc6 38. Rd5 Rc2 39. Rf5 Re2 40. g4 Rxe4 41. Rxa5 Rxg4 42. g3 h5 43. Rb5 h4 44. gxh4 gxh4 45. a5 Kd6 46. a6 Kc7 47. Rb7+ Kc6 48. Rb8 Rg1 49. Kb2 Rg2 50. a7 Rxf2+ 51. Kc1 Ra2 52. a8Q+ Rxa8 53. Rxa8 Kd5 54. Kd2 Ke4 55. Ra4+ Kf3 56. Rxh4 f5 57. Ke1 f4 58. Kf1 Kg3 59. Rh8 f3 60. Rg8+ Kf4 61. Kf2 Ke4 62. Rg4+ Kf5 63. Kxf3 1-0

[Event "IND-ch U11 37th"]
[Site "Hyderabad"]
[Date "2024.10.06"]
[Round "5"]
[White "Samarth, Jain"]
[Black "Rishen, Jilowa"]
[Result "1/2-1/2"]
[WhiteElo "1827"]
[BlackElo "1714"]
[PlyCount "63"]
[EventDate "2024.10.04"]
[EventType "swiss"]
[EventRounds "11"]
[EventCountry "IND"]
[SourceTitle "CB47_2024"]
[SourceDate "2024.11.20"]
[SourceVersion "1"]
[SourceVersionDate "2024.11.20"]
[SourceQuality "1"]

1. d4 Nf6 2. c4 e6 3. a3 d5 4. Nc3 Be7 5. cxd5 exd5 6. Bg5 0-0 7. e3 c6 8. Bd3 h6 9. Bh4 Re8 10. Nge2 Ne4 11. Bxe7 Qxe7 12. 0-0 Bf5 13. Qc2 Nd7 14. Rae1 Ndf6 15. Nc1 Bh7 16. f3 Nxc3 17. bxc3 Bxd3 18. Nxd3 Nd7 19. Qb3 Nb6 20. e4 Qc7 21. e5 Nc4 22. Re2 Qb6 23. Qd1 Nxa3 24. f4 Nb5 25. Qe1 a5 26. f5 a4 27. f6 Nxd4 28. cxd4 Qxd4+ 29. Re3 a3 30. Rf4 Qa7 31. Nb4 c5 32. Na2 1/2-1/2